000 01350nam a2200349 c 4500
003 BLK
005 20250729181004.0
008 180411b bul|||||r ||||||| ||bul||
010 _aKNG00188136000
020 _a978-619-157-159-8
_bиздат.: Ибис
040 _aBLK
041 _aBUL
_cBUL
072 7 _2bullib
_aН83
_xЧужда художествена литература Н
080 _aНемска литература
_b821.112.2
_x-312.9
_z821.112.2-312.9
100 1 _aФьолер, Ева
_eпърви автор
_9135279
700 1 _aМоллова, Милена
_eпрев.
_9339963
139 _aФьолер, Ева
_bФ 98
245 1 0 _aЗлатният мост
_bРоман
_cЕва Фьолер; прев. Милена Моллова.
257 _aDEU
260 София
_bИбис
_c2016
_fСофия : Симолини
300 _a344 с.
_c20 см
380 _aX
500 _aОриг. загл. Zeitenzauber - die goldene Brucke / Eva Voller. Кн. 2 от трилогията Пътуване във времето
653 _aфентъзи
659 _aН
852 _aЦб 277369
856 4 _qpdf
_u
856 4 _qpdf
_u
942 _cKNG
_n0
_023
944 _aCR
_c01.06.2016
_lЦветомила Тодорова
_k30576
944 _aED
_c19.09.2017
_lф /
_kВиолета_Тройчева
999 _c179357
_d179357